Airlines Serving the Airports of Chile - Statistics

General Stats
  • This quiz has been taken 75 times
  • The average score is 21 of 31
Answer Stats
Airports Airlines % Correct
SCL LATAM Argentina
98%
ANF | ARI | BBA | CCP | CJC | CPO | IPC | IQQ | LSC | PMC | PUQ | ZCO | ZOS LATAM Chile
98%
SCL LATAM Ecuador
98%
SCL LATAM Paraguay
98%
ANF | CCP | CJC | SCL LATAM Perú
98%
SCL American Airlines
94%
SCL United Airlines
92%
SCL Iberia
86%
SCL Aerolíneas Argentinas
84%
SCL Aeroméxico
84%
SCL British Airways
84%
SCL Delta Air Lines
84%
SCL Avianca
80%
SCL Avianca Costa Rica
80%
SCL Air France
76%
SCL GOL
76%
SCL Qantas
75%
SCL Air Canada
73%
SCL KLM
71%
SCL Copa Airlines
69%
ANF | ARI | BBA | CCP | CJC | CPO | IQQ | LSC | PMC | PUQ | SCL | ZSO JetSmart
69%
SCL JetSmart Argentina
69%
ANF | ARI | BBA | CCP | CJC | CPO | IQQ | LSC | PMC | PUQ | SCL | ZCO | ZOS Sky Airline
69%
SCL Emirates
55%
SCL Alitalia
51%
SCL Level
29%
IQQ Paranair
22%
ARI | IQQ Amaszonas
18%
IQQ Andes Líneas Aéreas
18%
PUQ | WPU Aerovías DAP
12%
SCL Estelar Latinoamérica
6%
No matching quizzes found
Score Distribution
Percent of People with Each Score
Percentile by Number Answered
Your Score History
You have not taken this quiz